| 000 | 01485nam a2200361Ia 4500 | ||
|---|---|---|---|
| 001 | ebr10191391 | ||
| 003 | CaPaEBR | ||
| 006 | m u | ||
| 007 | cr cn||||||||| | ||
| 008 | 070716s2007 txu sb 001 0 eng d | ||
| 010 | _z 2008029189 | ||
| 020 | _z9781602580039 (cloth : alk. paper) | ||
| 040 |
_aCaPaEBR _cCaPaEBR |
||
| 035 | _a(OCoLC)191940854 | ||
| 050 | 1 | 4 |
_aBT82.2 _b.L49 2007eb |
| 082 | 0 | 4 |
_a230/.04626 _222 |
| 100 | 1 | _aLewis, Camille Kaminski. | |
| 245 | 1 | 0 |
_aRomancing the difference _h[electronic resource] : _bKenneth Burke, Bob Jones University, and the rhetoric of religious fundamentalism / _cCamille Kaminski Lewis. |
| 260 |
_aWaco, TX : _bBaylor University Press, _c2007. |
||
| 300 | _axii, 161 p. | ||
| 490 | 1 |
_aStudies in rhetoric and religion ; _v4 |
|
| 504 | _aIncludes bibliographical references and index. | ||
| 533 |
_aElectronic reproduction. _bPalo Alto, Calif. : _cebrary, _d2009. _nAvailable via World Wide Web. _nAccess may be limited to ebrary affiliated libraries. |
||
| 600 | 1 | 0 |
_aBurke, Kenneth, _d1897-1993. |
| 610 | 2 | 0 | _aBob Jones University. |
| 650 | 0 | _aFundamentalism. | |
| 650 | 0 |
_aRhetoric _xPhilosophy. |
|
| 650 | 0 |
_aEnglish language _zUnited States _xRhetoric. |
|
| 655 | 7 |
_aElectronic books. _2local |
|
| 710 | 2 | _aebrary, Inc. | |
| 830 | 0 |
_aStudies in rhetoric and religion ; _v4. |
|
| 856 | 4 | 0 |
_uhttp://site.ebrary.com/lib/rucke/Doc?id=10191391 _zAn electronic book accessible through the World Wide Web; click to view |
| 999 |
_c113512 _d113512 |
||